Evaluation of systemic administration of doxycycline as debridement in non insulin dependent diabetic patients / (رقم التسجيلة. 15817)

تفاصيل مارك
000 -LEADER
fixed length control field 01358nam a2200301 a 4500
003 - CONTROL NUMBER IDENTIFIER
control field EG-GiCUC
005 - DATE AND TIME OF LATEST TRANSACTION
control field 20250223025553.0
008 - FIXED-LENGTH DATA ELEMENTS--GENERAL INFORMATION
fixed length control field 090404s1995 ua dh f m 000 0 eng d
040 ## - CATALOGING SOURCE
Original cataloging agency EG-GiCUC
Language of cataloging eng
Transcribing agency EG-GiCUC
041 0# - LANGUAGE CODE
Language code of text/sound track or separate title eng.
049 ## - LOCAL HOLDINGS (OCLC)
Holding library Deposite
097 ## - Thesis Degree
Thesis Level M.Sc.
099 ## - LOCAL FREE-TEXT CALL NUMBER (OCLC)
Classification number Cai01.09.08.M.Sc.1995.Gh.E
100 0# - MAIN ENTRY--PERSONAL NAME
Personal name Ghada Kamel Nour Eldin
245 10 - TITLE STATEMENT
Title Evaluation of systemic administration of doxycycline as debridement in non insulin dependent diabetic patients /
Statement of responsibility, etc. Ghada Kamel Nour Eldin ; Supervised Gamalat Ahmed Hassan , Ratiba Ghaly Abdelmalak , Mona Salah Darhous
246 15 - VARYING FORM OF TITLE
Title proper/short title تقييم استعمال عقار الدوكسي سيكلين جهازيا كمعاون مع التنظيف الالي في مرضي البول السكري الغير معتمدين علي الانسولين
260 ## - PUBLICATION, DISTRIBUTION, ETC.
Place of publication, distribution, etc. Cairo :
Name of publisher, distributor, etc. Ghada Kamel Nour Eldin ,
Date of publication, distribution, etc. 1995
300 ## - PHYSICAL DESCRIPTION
Extent 97Leaves :
Other physical details charts , facsimiles ;
Dimensions 30cm
502 ## - DISSERTATION NOTE
Dissertation note Thesis (M.Sc.) - Cairo University - Faculty of Oral and Dental Medicine - Department of Periodontology
700 0# - ADDED ENTRY--PERSONAL NAME
Personal name Ghada Kamel Nour Eldin ,
Relator term
700 0# - ADDED ENTRY--PERSONAL NAME
Personal name Mona Salah Darhous ,
Relator term
700 0# - ADDED ENTRY--PERSONAL NAME
Personal name Ratiba Ghaly Abdelmalak ,
Relator term
856 ## - ELECTRONIC LOCATION AND ACCESS
Uniform Resource Identifier <a href="http://172.23.153.220/th.pdf">http://172.23.153.220/th.pdf</a>
902 ## - LOCAL DATA ELEMENT B, LDB (RLIN)
No. of Items 1
905 ## - LOCAL DATA ELEMENT E, LDE (RLIN)
Cataloger Mustafa
Reviser Revisor
905 ## - LOCAL DATA ELEMENT E, LDE (RLIN)
Cataloger Samia
Reviser Cataloger
942 ## - ADDED ENTRY ELEMENTS (KOHA)
Source of classification or shelving scheme Dewey Decimal Classification
Koha item type Thesis
المقتنيات
Source of classification or shelving scheme Not for loan Home library Current library Date acquired Full call number Barcode Date last seen Koha item type
Dewey Decimal Classification   المكتبة المركزبة الجديدة - جامعة القاهرة قاعة الرسائل الجامعية - الدور الاول 11.02.2024 Cai01.09.08.M.Sc.1995.Gh.E 01010110030052000 22.09.2023 Thesis
Cairo University Libraries Portal Implemented & Customized by: Eng. M. Mohamady Contacts: new-lib@cl.cu.edu.eg | cnul@cl.cu.edu.eg
CUCL logo CNUL logo
© All rights reserved — Cairo University Libraries
CUCL logo
Implemented & Customized by: Eng. M. Mohamady Contact: new-lib@cl.cu.edu.eg © All rights reserved — New Central Library
CNUL logo
Implemented & Customized by: Eng. M. Mohamady Contact: cnul@cl.cu.edu.eg © All rights reserved — Cairo National University Library